| 000 | 00936cam a2200229 i 4500 | ||
|---|---|---|---|
| 005 | 20260222114838.0 | ||
| 008 | 250721s1995 sy gr 000 0 ara d | ||
| 082 | 1 | 4 |
_a412.5 _bف أ ر |
| 100 | 1 |
_aابن فارس، أبو الحسن أحمد بن فارس _eمؤلف. |
|
| 245 | 1 | 2 |
_aالأتباع والمزاوجة / _cتصنيف أحمد بن فارس بن زكريا ؛ تحقيق محمد أديب عبد الواحد جمران. |
| 264 | 3 | 1 |
_aدمشق : _bوزارة الثقافة، _c1995. |
| 300 | _a182 صفحة. | ||
| 490 | 0 |
_aإحياء التراث العربي ؛ _vالرقم97 |
|
| 650 | 1 | 7 | _aاللغة العربية. |
| 650 | 1 | 7 | _aالإشتقاق. |
| 650 | 1 | 7 | _aالأسماء. |
| 650 | 1 | 7 | _aالأفعال. |
| 700 | 1 |
_aحمران، محمد أديب عبد الواحد _eمحقق. |
|
| 830 | 0 | _aإحياء التراث العربي. | |
| 942 |
_2ddc _cBK |
||
| 999 |
_c74666 _d74666 |
||